LEADER 01171nam a2200289 u 4500 001 000000007354 003 CaOOAMICUS 005 20070226104956.0 008 941029s1992 it abf u000 u ita u 020 $a8870161536 035 $a10191951 040 $aEFR$bita$dPUL(R) 100 1 $aCaponetto, Salvatore,$d1915-$0(OLS)http://pul/name/7458 245 13$aLa riforma protestante nell'Italia del Cinquecento /$cSalvatore Caponetto. 260 $aTorino :$bClaudiana,$cc1992. 300 $a526 p., [16] p. de pl. :$bill., cartes ;$c24 cm 490 1 $aStudi storici 500 $aIndex: p. 471-526. 650 4$aRiforma$zItalia$ySec. XVI.$0(OLS)http://pul/subject/6558 830 0$aStudi storici (Claudiana).$0(OLS)http://pul/title/4914 850 $aPUL 852 $aPUL$W1$xSL Religione 1$y3$m74 H 41$j10372$nBK-PRI$b $qStampati$B10372$CPULBib$Z2$F10372 $H $81 941 1 $a8 961 $aINV: 77129 996 $6020$a8870161536$9(OLS)http://pul/number/9531 996 $6245$aLa riforma protestante nell'Italia del Cinquecento$9(OLS)http://pul/title/10800 996 $6260$aTorino :$bClaudiana$9(OLS)http://pul/publisher/48072 LEADER 01205nam a2200301 a 4500 001 000000134947 003 CaOOAMICUS 005 20130716113255.0 008 130716s2012 fr u000 ubfre r 020 $a978-2-8185-0276-1 040 $aPUL$bita 082 04$a320.5 100 1 $aManent, Pierre.$0(OLS)http://pul/name/40116 245 10$aHistoire intellectuelle du libéralisme /$cPierre Manent. 260 $a[Paris] :$bArthème Fayard/Pluriel,$c2012. 300 $a250 p. ;$c18 cm 490 1 $aPhilosophie 504 $aInclude bibliografia in nota. 650 4$aLiberalismo$xStoria.$0(OLS)http://pul/subject/34082 830 0$aPhilosophie (Pluriel).$0(OLS)http://pul/title/170669 850 $aPUL 852 $aPUL$W1$xSL Diritto e Scienze Sociali 3$y79$m320. 5 MANPI 2$j155311$qDDC 21$B154856$CPULBib$Z2$F154856 $H122749 $82 941 1 $a9 996 $6020$a978-2-8185-0276-1$9(OLS)http://pul/number/153307 996 $6082$a320.5$9(OLS)http://pul/classification/449 996 $6245$aHistoire intellectuelle du libéralisme$9(OLS)http://pul/title/170668 996 $6260$a[Paris] :$bArthème Fayard/Pluriel$9(OLS)http://pul/publisher/82440